| 000 | 00506nam a2200145 4500 | ||
|---|---|---|---|
| 999 |
_c15916 _d15916 |
||
| 008 | 201217b ||||| |||| 00| 0 eng d | ||
| 022 | _a0732-8435 | ||
| 082 | _aDPer 657.05 C33 Sept - Mar 2015, v. 85 - 86 | ||
| 100 |
_aAfterman, Allan B. _942692 |
||
| 245 |
_aHas the goal of Sarbanes-Oxely been achieved?/ _b _cAllan B. Afterman. |
||
| 260 |
_aNew York: _bThe New York State Society of CPA, _c©2015. |
||
| 300 |
_av85 n12, pages 58-59; _b _c28 cm. |
||
| 650 |
_aAccounting. _x _942693 |
||
| 942 |
_2ddc _cPER |
||